header

Neural stem cells and cellular therapy (Record no. 57456)

MARC details
000 -LEADER
fixed length control field 02191nam a2200349 a 4500
082 04 - DEWEY DECIMAL CLASSIFICATION NUMBER
Classification number 612.6/4018
100 1# - MAIN ENTRY--AUTHOR NAME
Personal name Taupin, Philippe.
245 10 - TITLE STATEMENT
Title Neural stem cells and cellular therapy
260 ## - PUBLICATION, DISTRIBUTION, ETC. (IMPRINT)
Place of publication Hauppauge, N.Y. :
Name of publisher Nova Science Publishers,
Year of publication c2009.
300 ## - PHYSICAL DESCRIPTION
Number of Pages xxiii, 210 p.
490 1# - SERIES STATEMENT
Series statement Stem cells--laboratory and clinical research series
505 0# - FORMATTED CONTENTS NOTE
Formatted contents note Neurogenesis in the adult central nervous system -- BrdU immunohistochemistry for studying adult neurogenesis : paradigms, pitfalls, limitations, and validation -- Adult neural stem cells, neurogenic niches, and cellular therapy -- Neurogenic factors are target in depression -- Adult neurogenesis, neural stem cells, and Alzheimer's disease : developments, limitations, problems, and promises -- Adult neurogenesis pharmacology in neurological diseases, and disorders -- Adult neural stem cells : a promising candidate for regenerative therapy in the CNS -- Stem cells engineering for cell-based therapy -- Therapeutic neuronal stem cells : patents at the forefront -- Adult neural stem cells for the treatment of neuroinflammation -- Magnetic resonance imaging for monitoring neurogenesis in the adult hippocampus -- HuCNS-SC stemcells.
650 #0 - SUBJECT ADDED ENTRY--TOPICAL TERM
Topical Term Neural stem cells.
Topical Term Developmental neurobiology.
856 40 - ELECTRONIC LOCATION AND ACCESS
Uniform Resource Identifier http://site.ebrary.com/lib/rucke/Doc?id=10675160

No items available.

© 2026 Rongo University
Contact us: librarian | system librarian | Rongo university